| 000 | 00000nam##2200000za#4500 |
| 001 | 9.574008 |
| 003 | CaOODSP |
| 005 | 20210624183956 |
| 007 | cr ||||||||||| |
| 008 | 150406|1999||||xxc|||||o f|0| 0 eng|d |
| 022 | |a1488-5379 |
| 040 | |aCaOODSP|beng |
| 043 | |an-cn--- |
| 086 | 1 |aFs97-6/2258E-PDF |
| 110 | 1 |aCanada. |bDepartment of Fisheries and Oceans. |bMaritimes Region. |
| 245 | 12|aA comparison of scallop (Placopecten magellanicus) population and community characteristics between fished and unfished areas in Lunenburg County, N.S., Canada / |h[electronic resource]|cby F. Brocken and E. Kenchington. |
| 260 | |aDartmouth - Nova Scotia : |bFisheries and Oceans Canada. |cc1999. |
| 300 | |a100p.|bfigs., graphs, maps, references, tables, photographs |
| 490 | 1 |aCanadian technical report of fisheries and aquatic sciences|x1488-5379|vNo. 2258 |
| 500 | |aThe catalogue number (Fs97-6/2258E) and ISSN (0706-6457) for the print edition have been incorrectly copied in this electronic publication. |
| 546 | |a(Résumé en français) |
| 590 | |a12-22-Supp|b2012-05-24 |
| 720 | 1 |aKenchington, E. |
| 720 | 1 |aBrocken, F. |
| 776 | 0#|tA comparison of scallop (Placopecten magellanicus) population and community characteristics between fished and unfished areas in Lunenburg County, N.S., Canada / |w(CaOODSP)9.614779 |
| 830 | #0|aCanadian technical report of fisheries and aquatic sciences,|x1488-5379|vNo. 2258|w(CaOODSP)9.504449 |
| 856 | 40|ahttp://publications.gc.ca|qPDF|s6.09 MB|uhttps://publications.gc.ca/collections/collection_2012/mpo-dfo/Fs97-6-2258-eng.pdf|yNo. 2258 |